Statistics for KPOP quiz

Click here to take the quiz!

General Stats

  • This quiz has been taken 280 times
  • The average score is 7 of 10

Answer Stats

QuestionAnswer% Correct
What is BTS also known as?Bangtan Boys
99%
Who isn't a member of BLACKPINK?NingNing
93%
Who debuted first?SHINee
88%
The 2 groups under Yuehua Ent.?EVERGLOW & TEMPEST
85%
Is X1 Active or Disbanded? (Hint: Not yes or no)Disbanded
78%
Which artist isn't under SM Ent?BTOB
64%
Who is the Maknae of EXO?Sehun
61%
Which group doesn't have a light stick (SM groups edition)?aespa
52%
Who is the eldest of EXO?Xiumin
50%
Who is the Maknae of KINGDOM?Chiwoo
24%

Score Distribution

Percentile by Number Answered

Percent of People with Each Score

Your Score History

You have not taken this quiz